New JCT contracts form is clearer - and cuts retentions (Record no. 76139)
[ view plain ]
| 000 -LEADER | |
|---|---|
| fixed length control field | 01063cab a2200205 4500 |
| 001 - CONTROL NUMBER | |
| control field | ##L131527 |
| 008 - FIXED-LENGTH DATA ELEMENTS--GENERAL INFORMATION | |
| fixed length control field | 051114n2005 000 0 eng u |
| 035 ## - SYSTEM CONTROL NUMBER | |
| System control number | (Sirsi) u131527 |
| 041 0# - LANGUAGE CODE | |
| Language code of text/sound track or separate title | eng |
| 100 1# - MAIN ENTRY--PERSONAL NAME | |
| Personal name | Winter, Jeremy |
| 245 00 - TITLE STATEMENT | |
| Title | New JCT contracts form is clearer - and cuts retentions |
| 260 ## - PUBLICATION, DISTRIBUTION, ETC. | |
| Date of publication, distribution, etc. | 2005 |
| 490 #0 - SERIES STATEMENT | |
| Series statement | Construction News |
| Volume/sequential designation | (6940) 27 October 2005, 31(1) |
| 520 ## - SUMMARY, ETC. | |
| Summary, etc. | Examines the changes in the new suite of JCT conditions of contract. The most important change allows the user to opt either for a third party rights provision or a collateral warranty. Other changes include the deletion of references to nominated sub-contractors, and a reduction in the number of relevant events justifying an extension of time. The wording of the new forms is clearer and more accessible. |
| 590 ## - LOCAL NOTE (RLIN) | |
| Local note | IKA221105 |
| 650 24 - SUBJECT ADDED ENTRY--TOPICAL TERM | |
| Topical term or geographic name entry element | JCT STANDARD BUILDING CONTRACT (2005 EDITION) |
| 651 #4 - SUBJECT ADDED ENTRY--GEOGRAPHIC NAME | |
| Geographic name | United Kingdom |
| Chronological subdivision | |
| 690 ## - LOCAL SUBJECT ADDED ENTRY--TOPICAL TERM (OCLC, RLIN) | |
| Topical term or geographic name as entry element | BUILT ENVIRONMENT-BUILDING CONTRACT FORMS-STANDARD FORMS OF BUILDING CONTRACT-JOINT CONTRACTS TRIBUNAL CONTRACTS |
| 942 ## - ADDED ENTRY ELEMENTS (KOHA) | |
| Suppress in OPAC | 0 |
| Withdrawn status | Lost status | Source of classification or shelving scheme | Damaged status | Not for loan | Home library | Current library | Shelving location | Date acquired | Total Checkouts | Full call number | Barcode | Date last seen | Copy number | Price effective from | Koha item type |
|---|---|---|---|---|---|---|---|---|---|---|---|---|---|---|---|
| Dewey Decimal Classification | London | London | Journal article | 14/11/2005 | L131527 | 131527-1001 | 06/08/2019 | 1 | 06/08/2019 | Journal article |